| 000 | 00421cam a22001337a 4500 | ||
|---|---|---|---|
| 008 | 180718b1989 xxu||||| |||| 00| 0 eng d | ||
| 082 | _aD11 H127 | ||
| 245 |
_aRole of the junior diplomat in missions abroad: a symposium _cedited by A.N.D. Haksar |
||
| 260 |
_aNew Delhi _bForeign Service Training Institute _c1989 |
||
| 300 | _a80p. | ||
| 650 | _aInternational relations | ||
| 650 | _aDiplomats | ||
| 700 | _aHaksar, A.N.D. | ||
| 999 |
_c481697 _d481697 |
||